| 000 | 00441nam a2200145 a 4500 | ||
|---|---|---|---|
| 001 | 000029043 | ||
| 005 | 20200930055308.0 | ||
| 008 | 110413s19uu dr ac 000 0 spa d | ||
| 040 |
_aDO-SdBNP _bspa _cBNPHU |
||
| 245 | 0 | 0 | _aSociedad inmobiliaria /. |
| 260 |
_a[Santo Domingo] : _bImpresora Arte y Cine, _c[199-?]. |
||
| 300 |
_a8 p. : _bil., retrs. ; _c21 cm. |
||
| 710 | 2 |
_aCorporación Dominicana de Empresas Estatales _955956 |
|
| 049 | _aBNPD | ||
| 999 |
_c28535 _d28535 |
||